SAT Words Click Quiz - Y - Statistics

General Stats
  • This quiz has been taken 596 times
  • The average score is 9 of 15
Answer Stats
Hint Answer % Correct
Large, luxurious boat Yacht
95%
Strong desire Yearning
91%
Central Asian tent that has a domed roof Yurt
85%
Distant but still within sight Yonder
82%
Person who is dependable and hardworking Yeoman
78%
Unsophisticated rural person; bumpkin Yokel
72%
Of the remote past Yore
68%
Make idle talk; prattle Yatter
65%
Join together; link Yoke
65%
Loud, harsh, or stupid person Yahoo
44%
Deviate from a straight course Yaw
40%
Meddler; or, a blabbermouth Yenta
32%
Shout or scream loudly Yawp
31%
Small two-masted sailing vessel Yawl
30%
Seaworthy and maneuverable; nimble Yare
27%
No matching quizzes found
Score Distribution
Percent of People with Each Score
Percentile by Number Answered
Your Score History
You have not taken this quiz